Peach Pit Discography (Updated 2025) - Statistics

General Stats
  • This quiz has been taken 43 times
    37 since last reset
  • The average score is 36 of 53
Answer Stats
Album Song % Correct
Sweet FA Drop the Guillotine
100%
Being So Normal Drop the Guillotine
100%
Magpie Magpie
100%
Sweet FA Peach Pit
100%
You and Your Friends You and Your Friends
100%
Being So Normal Alrighty Aphrodite
95%
You and Your Friends Shampoo Bottles
95%
Being So Normal Being So Normal
91%
Being So Normal Tommy's Party
91%
From 2 to 3 From 2 to 3
86%
Sweet FA Seventeen
86%
Being So Normal Techno Show
86%
From 2 to 3 Vickie
86%
You and Your Friends Black Licorice
82%
Sweet FA Sweet FA
82%
Being So Normal Chagu's Sideturn
77%
Being So Normal Hot Knifer
77%
From 2 to 3 Up Granville
77%
You and Your Friends Figure 8
73%
Being So Normal Private Presley
73%
You and Your Friends Adidas
68%
You and Your Friends Brian's Movie
68%
From 2 to 3 Give Up Baby Go
68%
From 2 to 3 Pepsi on the House
68%
You and Your Friends Psychics in LA
68%
Magpie Your Long Black Hair
68%
You and Your Friends Your Teeth
68%
From 2 to 3 2015
64%
You and Your Friends Denny's Garage
64%
Magpie Every Little Thing
64%
You and Your Friends Thursday
64%
Magpie Little Dive
59%
You and Your Friends Live at the Swamp
59%
From 2 to 3 Look Out!
59%
Magpie Am I Your Girl
55%
You and Your Friends Camilla, I'm at Home
55%
From 2 to 3 Everything About You
55%
You and Your Friends Feelin' Low (F*ckboy Blues)
55%
Being So Normal Not Me
55%
You and Your Friends Puppy Grin
55%
You and Your Friends Second Life with Emily
55%
Magpie St. Mark's Funny Feeling
55%
Magpie Yasmina
55%
Magpie Did You Love Somebody
50%
From 2 to 3 Lips Like Yours
50%
From 2 to 3 Drips on a Wire
45%
From 2 to 3 Last Days of Lonesome
45%
Magpie Nowhere Next To Me
45%
Magpie Outta Here
45%
Magpie Wax & Wane
45%
Single (Cover) Did I Make You Cry on Christmas Day? (Well, You Deserved it!)
41%
Magpie (Expansion Pack) Crying, Laughing, Loving, Lying
36%
Magpie (Expansion Pack) Tell Me You Love Me
32%
No matching quizzes found
Score Distribution
Percent of People with Each Score
Percentile by Number Answered
Your Score History
You have not taken this quiz since the last reset